Reglamento para el régimen y administración de los establecimientos provinciales de beneficiencia en la provincia de Lérida
Descripción Física:
61 p. ; 21 cm
MARC
| LEADER | 00000nam a2200000Ia 4500 | ||
|---|---|---|---|
| 001 | 23057 | ||
| 008 | 160829s1888 xx 000 0 cat d | ||
| 080 | |a RF-16-28 | ||
| 245 | |a Reglamento para el régimen y administración de los establecimientos provinciales de beneficiencia en la provincia de Lérida | ||
| 260 | |a Lérida : |b Tipografía de la Casa de Misericordia, |c 1888 | ||
| 300 | |a 61 p. ; |c 21 cm | ||
| 590 | |a Prové de la caixeta de Casa de Caritat 1888, núm. 2665 | ||
| 650 | |a Assistència social |x Lleida (Província) |9 39973 | ||
| 650 | |a Beneficència |x Lleida (Província) |9 39974 | ||
| 856 | 4 | |u https://media.diba.cat/diba/fitxers/arxiu/fulletons/bib_23057_1888_baixa.pdf |y Accés lliure | |
| 856 | 4 | |u https://media.diba.cat/diba/fitxers/arxiu/fulletons/bib_23057_1888_baixa.pdf |y Accés lliure | |
| 901 | |a Arxiu | ||
| 942 | |n 1 |2 udc | ||
| 952 | |0 0 |1 0 |4 0 |6 RF1628 |7 1 |9 49320 |a Arxiu |b Arxiu |d 2016-12-01 |l 0 |o RF-16-28 |p 23057 |r 2016-12-01 00:00:00 |w 2016-12-01 |y ARXIU | ||
| 999 | |c 53162 |d 53162 | ||
| 900 | |a bib_23057_1888_baixa.pdf | ||